000 00587nam a22001817a 4500
003 0
005 20231106120156.0
008 231106b xxu||||| |||| 00| 0 eng d
020 _a978-621-406-074-0
050 _aPE 1128
_b.T36 2021
100 _aTandoc, Shiella D.
245 _aApplied english for academic and professional purposes for senior high school
_c Shiella D. Tandoc
260 _aManila
_bMindshapers Co., Inc.
_cc2021.
300 _aviii, 157 pages ;
_c25 cm.
504 _aIncludes bibliographical references and index.
650 _aEnglish.
942 _2lcc
_cBK
999 _c365569
_d365569